000 00504 a2200169 4500
005 20250312130523.0
020 _a978-0-07-255347-5
082 _a658.84 RAY
100 _aRAYPORT, J. F.
245 _aIntroduction to E-Commerce
250 _a2nd Ed.
260 _aBoston
_bMcGraw-Irwin
_c2004
300 _axxvii, 516p. ill., table, chart, figure
_bIndex, glossary
_c26cm.
700 _aJAWORSKI, B. J.
856 _yAccess Online Book
_fIntroduction to E-Commerce
_dwww.mhhe.com
942 _2ddc
_cBKS
999 _c483
_d483